Harry Potter y la piedra filosofal

Tallennettuna:
Bibliografiset tiedot
Päätekijä: Rowling, Joanne K (Tekijä)
Aineistotyyppi: Kirja
Kieli:espanja
Julkaistu: Buenos Aires Emecé 1998
Painos:1a. ed
Sarja:Emecé Juvenil
Aiheet:
Tagit: Lisää tagi
Ei tageja, Lisää ensimmäinen tagi!

MARC

LEADER 00000cam a2200000 a 4500
001 UCN7749
003 CL-VaPUC
008 011026e19980000AG |||||||||||||||||spa|d
020 |a 9500419572 
082 0 4 |a 823  |b ROW  |2 21 
100 0 |a Rowling, Joanne K  |e author  |9 463795 
245 1 0 |a Harry Potter y la piedra filosofal 
250 |a 1a. ed 
300 |a 253 p 
942 |c BK 
945 |d 20011026 00:00:00  |a cmena 
260 |a Buenos Aires  |b Emecé  |c 1998 
650 0 |a Novelas inglesas  |9 265220 
650 0 |a Literatura juvenil   |9 309909 
583 |a last modification  |c 20170523 01:41:36  |k Rodrigo Vera 
490 0 |a Emecé Juvenil 
999 |c 297958  |d 297956 
952 |0 0  |1 0  |4 0  |6 823_000000000000000_ROW_1998  |7 0  |8 A  |9 353023  |a BIBEDU  |b BIBEDU  |d 2019-11-21  |i 3659992  |o 823 ROW 1998  |p 3659992  |r 2019-11-21  |w 2019-11-21  |y BK  |k LIT 
952 |0 0  |1 0  |2 ddc  |3 erb  |4 0  |6 823_000000000000000_ROW_1998  |7 0  |8 C  |9 353024  |a BIBCUR  |b BIBCUR  |i 5378818  |l 4  |o 823 ROW 1998  |p 5378818  |r 2025-04-22  |s 2025-01-31  |w 2019-11-21  |y BK  |z Catalogado en:20170527  |k CAC